Szczegóły MARC21

XVIe siècle : les grands auteurs français du programme : anthologie et histoire littéraire /

003 -Nazwa inst., której nr kontr. jest w polu 001 [,]
    • @
    • Nazwa instytucji, której n kontrolny jest w polu 001
    • NUKAT
005 -DATA I CZAS OSTATNIEJ MODYFIKACJI [,]
    • @
    • pole kontrolne
    • 20241231095445.0
020 -Międzynarod. znormalizowany nr książki - ISBN [ , ]
    • a
    • Numer ISBN
    • 2040162097 Find
040 -Instytucja sporządzająca opis [ , ]
    • a
    • Instytucja, która sporządziła opis (NP)
    • WA U/58MT
    • c
    • Instytucja, która sporządziła rekord (NP)
    • WA U/MT
    • d
    • Instytucja, która zmodyfikowała rekord (P)
    • WA U/MCS
942 -Rodzaj dokumentu [ , ]
    • c
    • Rodzaj dokumentu
    • Książka
100 -Hasło główne - nazwa osobowa [1, ]
    • a
    • Nazwa osobowa (NP)
    • Lagarde, André
    • d
    • Daty biograficzne (NP)
    • (1912-2001).
    • 9
    • KHW
    • 43701
245 -Strefa tytułu i oznaczenia odpowiedzialności [1,0]
    • a
    • Tytuł
    • XVIe siècle : Find
    • b
    • Ciąg dalszy tytułu (NP)
    • les grands auteurs français du programme : anthologie et histoire littéraire / Find
    • c
    • Pozostałe elementy strefy tytułu i oznaczenia odpowiedzialności (NP)
    • André Lagarde, Laurent Michard.
246 -Wariant tytułu [3, ]
    • a
    • Tytuł (NP)
    • Seizième siècle
246 -Wariant tytułu [3,0]
    • a
    • Tytuł (NP)
    • Grands auteurs français du programme
260 -Strefa adresu wydawniczego [ , ]
    • a
    • Miejsce wydania (P)
    • Paris :
    • b
    • Nazwa wydawcy (P)
    • Bordas,
    • c
    • Data wydania (P)
    • 1985.
300 -Strefa opisu fizycznego [ , ]
    • a
    • Określenie formy książki i/lub objętość (NP)
    • 253, [1] s., XXXVI s. tabl. :
    • b
    • Oznaczenie ilustracji (NP)
    • il. (w tym kolor.) ;
    • c
    • Format (NP)
    • 22 cm.
336 -Typ zawartości [ , ]
    • a
    • Termin opisujący typ zawartości
    • Tekst
    • b
    • Kod określający zawartość
    • txt
    • 2
    • Źródło (terminu i kodu)
    • rdacontent
337 -Typ mediów [ , ]
    • a
    • Tryb odtwarzania
    • Bez urządzenia pośredniczącego
    • b
    • Kod typu mediów
    • n
    • 2
    • Źródło (terminu i kodu)
    • rdamedia
338 -Typ/rodzaj nośnika [ , ]
    • a
    • Hasło opisujące typ nośnika
    • Wolumin
    • b
    • Kod typu nośnika
    • nc
    • 2
    • Źródło (terminu i kodu)
    • rdacarrier
490 -Strefa serii i książki wielotomowej - forma nie do wyszukiwania [1, ]
    • a
    • Tytuł (P)
    • Collection Littéraire Lagarde et Michard ; Find
    • v
    • Numeracja (P)
    • [2]
830 -Hasło dodatkowe serii i opisu książki wielotomowej - tytuł ujednolicony/tytuł [ ,0]
    • a
    • Tytuł ujednolicony/tytuł (NP)
    • Textes et Littérature
    • v
    • Oznaczenie tomu (NP)
    • [2]
    • 9
    • KHW
    • 43703
080 -Uniwersalna Klasyfikacja Dziesiętna [ , ]
    • a
    • Symbol klasyfikacji
    • 840-82=40
080 -Uniwersalna Klasyfikacja Dziesiętna [ , ]
    • a
    • Symbol klasyfikacji
    • :840(091)"15"=40
650 -Hasło przedmiotowe [ ,7]
    • a
    • Hasło przedmiotowe
    • Literatura francuska
    • y
    • Określnik chronologiczny
    • 16 w.
    • x
    • Określnik rzeczowy
    • historia i krytyka.
    • 2
    • Źródło terminu
    • kaba
    • 9
    • KHW
    • 360301
655 -Hasło w funkcji tematu formalnego [ ,7]
    • a
    • Hasło
    • Literatura francuska
    • y
    • Określnik chronologiczny
    • 16 w.
    • v
    • Określnik formy
    • antologie.
    • 2
    • Źródło terminu
    • kaba
    • 9
    • KHW
    • 539097
980 -Symbol UKD [ , ]
    • a
    • UKD
    • 840-82=40:840(091)"15"=40
700 -Hasło dodatkowe - nazwa osobowa [1, ]
    • a
    • Nazwa osobowa (NP)
    • Michard, Laurent Find
    • d
    • Daty biograficzne (NP)
    • (19..-1984).
    • 9
    • KHW
    • 43702
920 -ISBN [ , ]
    • a
    • ISBN
    • 2-04-016209-7 Find
Numer inwentarzowy Status udost. Lokalizacja Data inwentaryzacji Sygnatura
A.33861BM1994-01-25FR. Lit. franc. - antologie 11